00777nam a2200205 a 450000100100000000500170001000800410002702000180006804000250008608200180011110000450012924501200017426000430029430000270033765000330036465000320039704900090042995201160043899900170055400001156620250306110006.0091021s2007 cr a 001 0 spa d a9789977952369 aDO-SdBNPbspacBNPHU a332.71bB687o1 aBolañoz Zamora, Germán Arturo92739214aLos olvidados de la guerra :bla campaña nacional y Santo Domingo de Heredia /cGermán Arturo Bolañoz Zamora. aSan José, Costa Rica :bUruk,c2007. a179 p. :bil ;c22 cm. 4aEconomía financiera927393 0aCrédito agrícola927394 aBNPD 001050718MOaPDbPDcCTd2009-10-21iLF1l0o332.71 B687op11566-10r2020-06-25w2020-06-25y1ZNo se presta c11261d11261